Jan DeGaetani sings Berlioz, Mahler /

Bibliographic Details
Corporate Author: Eastman Chamber Ensemble (Performer)
Other Authors: De Gaetani, Jan (Performer), West, Philip (Arranger), Effron, David (Conductor), Berlioz, Hector, 1803-1869, Mahler, Gustav, 1860-1911
Format: CD Audio
Language:German
French
Language Notes:Sung in French or German.
Published: [New Rochelle, N.Y.] : Bridge Records, [1989]
Subjects:

MARC

Tag First Indicator Second Indicator Subfields
LEADER 00000cjm a2200000Ia 4500
001 in00002482321
005 20151110121733.0
007 sd fsngnn|m|ee
008 910711s1989 nyusgnn d n ger
010 |a  91754868  
019 |a 20972483  |a 24392826  |a 29067817  |a 35255411  |a 42556374 
024 1 |a 090404901720 
024 1 |a 9040490172 
028 0 2 |a BCD 9017  |b Bridge Records 
033 2 |a 19890517  |a 19890521  |b 3804  |c R6 
035 |a (OCoLC)ocm24503145 
035 |a (OCoLC)24503145  |z (OCoLC)20972483  |z (OCoLC)24392826  |z (OCoLC)29067817  |z (OCoLC)35255411  |z (OCoLC)42556374 
040 |a DLC  |c DLC  |d RES  |d RBN  |d MRY  |d GMJ  |d OCLCG  |d TXA  |d UtOrBLW 
041 0 |d ger  |d fre  |e eng  |e ger  |e fre  |h ger  |h fre 
045 |a w4w9 
048 |b vb01  |a wa01  |a wb01  |a sc02  |a sd01  |a ba02  |a ta01  |a sa02  |a sb01  |a sc02  |a sd01 
048 |b vb01  |a wa01  |a wb01  |a wc02  |a wd01  |a ba02  |a bb01  |a pz01  |a sa02  |a sb01  |a sc01  |a sd01 
048 |b vb01  |a wa01  |a wb01  |a wc02  |a wd01  |a ba02  |a bb01  |a ta01  |a pz01  |a sa02  |a sb01  |a sc01  |a sd01 
049 |a TXAM 
050 0 0 |a SDB 69275 
082 0 4 |a 783.4 
090 |a M1611.D4  |b J36 1989 
100 1 |a De Gaetani, Jan,  |e performer. 
245 1 0 |a Jan DeGaetani sings Berlioz, Mahler /  |c [chamber orchestra versions by Philip West]. 
264 1 |a [New Rochelle, N.Y.] :  |b Bridge Records,  |c [1989] 
264 4 |c ℗1989 
300 |a 1 sound disc :  |b digital, stereo. ;  |c 4 3/4 in. 
306 |a 002824  |a 001715  |a 001903 
336 |a performed music  |b prm  |2 rdacontent 
337 |a audio  |b s  |2 rdamedia 
338 |a audio disc  |b sd  |2 rdacarrier 
500 |a Acc. for instrumental ensemble; acc. of the 1st work originally for piano; acc. of the 2nd and 3rd originally for orchestra. 
500 |a Title from spine of container. 
500 |a Words of the 1st work by Théophile Gautier. 
511 0 |a Jan DeGaetani, mezzo-soprano ; Eastman Chamber Ensemble ; David Effron, conductor. 
518 |a Recorded in the Eastman Theater, Rochester, N.Y., May 17-21, 1989. 
500 |a Compact disc. 
500 |a French words of the 1st work and German words of the remainder, with English translations (1 v.) in container. 
505 0 |a Les nuits d'été, op. 7 / Berlioz (28:24) -- Five songs from Des Knaben Wunderhorn / Mahler (17:15) -- Five Rückert songs / Mahler (19:03). 
546 |a Sung in French or German. 
500 |a Sound recording. 
650 0 |a Songs (Medium voice) with instrumental ensemble. 
650 0 |a Song cycles. 
600 1 0 |a Gautier, Théophile,  |d 1811-1872  |x Musical settings. 
600 1 0 |a Rückert, Friedrich,  |d 1788-1866  |x Musical settings. 
700 1 |a West, Philip,  |e arranger. 
700 1 |a Effron, David,  |e conductor. 
700 1 2 |a Berlioz, Hector,  |d 1803-1869.  |t Nuits d'été;  |o arranged.  |f 1989. 
700 1 2 |a Mahler, Gustav,  |d 1860-1911.  |t Knaben Wunderhorn.  |k Selections;  |o arranged.  |f 1989. 
700 1 2 |a Mahler, Gustav,  |d 1860-1911.  |t Lieder nach Rückert;  |o arranged.  |f 1989. 
710 2 |a Eastman Chamber Ensemble,  |e performer. 
948 |a cataloged  |b h  |c 2009/6/4  |d c  |e cajsmith  |f 3:45:19 pm 
994 |a C0  |b TXA 
999 |a MARS 
999 f f |s 7acf1eba-29a7-3019-80c8-ae1f31e8f3ae  |i 83660896-3a2b-3a98-a67f-d61d0f53b460  |t 0 
952 f f |p ric  |a Texas A&M University  |b Rellis Campus  |c Joint Library Facility  |d Remote Storage  |t 0  |e M1611.D4 J36 1989  |h Library of Congress classification  |i audio -- audio disc  |m A14838785403 
998 f f |a M1611.D4 J36 1989  |t 0  |l Remote Storage